Mechanisms and dynamics of machinery

Guardat en:
Dades bibliogràfiques
Autors principals: Mabie, Hamilton H. (autor), Ocvirk, Fred W (Autor)
Format: Llibre
Idioma:anglès
Publicat: Nueva York John Wiley 1957
Matèries:
Etiquetes: Afegir etiqueta
Sense etiquetes, Sigues el primer a etiquetar aquest registre!

MARC

LEADER 00000nam a2200000 a 4500
001 UCL5699
003 CL-VaPUC
008 040319e19570000US |||||||||||||||||eng|d
082 0 4 |a 621.8  |b MAB  |2 21 
100 |a Mabie, Hamilton H.  |e autor  |9 483391 
700 0 |a Ocvirk, Fred W  |e author  |9 483392 
245 1 0 |a Mechanisms and dynamics of machinery 
300 |a 442 p 
942 |c BK 
945 |d 20040319 00:00:00  |a vberengu 
260 |a Nueva York  |b John Wiley  |c 1957 
650 0 |a Máquinas  |9 259419 
650 0 |a Ingeniería de máquinas  |9 429329 
583 |a last modification  |c 20040319 00:00:00  |k Rodrigo Vera 
999 |c 308140  |d 308138 
952 |0 0  |1 0  |4 0  |6 621_800000000000000_MAB_1957  |7 0  |8 A  |9 374415  |a BIBMEC  |b BIBMEC  |d 2019-11-21  |i 2106000  |o 621.8 MAB 1957  |p 2106000  |r 2024-01-19  |w 2019-11-21  |y BK  |k MEC